MARC

LEADER 00000nam0a2200000 4500
001 302442
005 20231102001513.0
035 |a (RuTPU)RU\TPU\book\327649 
090 |a 302442 
100 |a 20150821d1983 km y0rusy50 ca 
101 0 |a rus 
102 |a RU 
105 |a a z 001zy 
200 1 |a Физика магнитных материалов  |f Академия наук СССР (АН СССР), Сибирское отделение (СО), Институт физики им. Л. В. Киренского (ИФ) ; под ред. В. А. Игнатченко, Петраковского 
210 |a Новосибирск  |c Наука  |d 1983 
215 |a 156 с.  |c ил. 
320 |a Библиогр. в конце ст. 
606 1 |a Магнитные материалы  |x Физика  |x Исследование  |2 stltpush  |3 (RuTPU)RU\TPU\subj\40823  |9 60653 
610 1 |a магнитные явления 
610 1 |a аморфный магнетизм 
610 1 |a переходы 
610 1 |a металл-диэлектрик 
610 1 |a фазовые переходы 
610 1 |a галоидные кристаллы 
610 1 |a магнитооптика 
675 |a 621.318.1  |v 4 
702 1 |a Игнатченко  |b В. А.  |4 340 
702 1 |a Петраковский  |b Г. А.  |4 340 
712 0 2 |a Академия наук СССР (АН СССР)  |b Сибирское отделение (СО)  |b Институт физики им. Л. В. Киренского (ИФ)  |c (Красноярск)  |2 stltpush  |3 (RuTPU)RU\TPU\col\11386 
801 1 |a RU  |b 63413507  |c 20150821 
801 2 |a RU  |b 63413507  |c 20190409  |g RCR 
942 |c BK